| 000 | 00646nam a2200181Ia 4500 | ||
|---|---|---|---|
| 008 | 090630s9999 xx 000 0 und d | ||
| 082 | _b12954 | ||
| 100 | _aडॉ. पाटील लिला. | ||
| 245 |
_aनिसर्गाशी नातं. _cडॉ. पाटील लिला. |
||
| 260 |
_bमधुराज - पुणे. _c1993 |
||
| 300 | _a40 | ||
| 600 | _aडॉ. पाटील लिला. | ||
| 630 | _aनिसर्गाशी नातं. | ||
| 655 | _aबालवाङमय. | ||
| 700 | _aडॉ. पाटील लिला. | ||
| 730 | _aनिसर्गाशी नातं. | ||
| 942 | _cBOOK | ||
| 999 |
_c264810 _d264810 |
||